书目信息 |
| 题名: |
神经疾病鉴别诊断学
|
|
| 作者: | 卢亮 , 王荪 编著 | |
| 分册: | ||
| 出版信息: | 郑州 河南医科大学出版社 2000.09 |
|
| 页数: | 567页 | |
| 开本: | 26cm | |
| 丛书名: | ||
| 单 册: | ||
| 中图分类: | R741.05 | |
| 科图分类: | ||
| 主题词: | 神经病学 | |
| 电子资源: | ||
| ISBN: | 7-81048-374-9 | |
| 000 | 00698nam0 2200217 45 | |
| 001 | 0110181539 | |
| 005 | 20011018151736.0 | |
| 010 | @a7-81048-374-9@b精装@d68.00元 | |
| 100 | @a20011018d2000 km y0chiy0120 ea | |
| 101 | 0 | @achi |
| 105 | @a z 000yy | |
| 200 | 1 | @a神经疾病鉴别诊断学@AShen Jing Ji Bing Jian Bie Zhen Duan Xue@e临床与基础@ELin Chuang Yu Ji Chu@f卢亮,王荪 编著@FLu Liang,Wang Sun Bian Zhu |
| 210 | @a郑州@c河南医科大学出版社@d2000.09 | |
| 215 | @a567页@d26cm | |
| 517 | @a临床与基础@ALin Chuang Yu Ji Chu | |
| 606 | 0 | @a神经病学 |
| 690 | @aR741.05@v3 | |
| 701 | 0 | @a卢亮@4编著 |
| 701 | 0 | @a王荪@4编著 |
| 801 | @aCN@bPftUser@c20011018 | |
| 905 | @aBZT@b75702-703@dR741.05@e1@f2 | |
| 神经疾病鉴别诊断学:临床与基础/卢亮,王荪 编著.-郑州:河南医科大学出版社,2000.09 |
| 567页;26cm |
| ISBN 7-81048-374-9(精装):68.00元 |
| ● |
| 相关链接 |
|
|
|
正题名:神经疾病鉴别诊断学
索取号:R741.05/1
 
预约/预借
| 序号 | 登录号 | 条形码 | 馆藏地/架位号 | 状态 | 备注 |
| 1 | 75702 | 200676777 | 中心书库中库/ 中库014架A面2列3层48/ [索取号:R741.05/1] | 在馆 | |
| 2 | 75703 | 200676768 | 中心书库中库/ 中库014架A面2列3层49/ [索取号:R741.05/1] | 在馆 |